000 00845nam a2200265 a 4500
001 BRL_104
005 20190320210606.0
008 920929s1991 mx-a#####b---#000-0#spa-#
040 _aDLC
_cDLC
041 _aspa
044 _amx
050 4 _aF1391.C6
_b.R49 1991
100 1 _aReyes G., Juan Carlos
_922923
245 1 0 _aEl mercado ´de la Madrid´
_bun ejemplo de arquitectura porfirista en Colima
_cJuan Carlos Reyes G.
260 _aMéxico
_bUniversidad de Colima
_c1991
300 _a72 p.
_bil.
_c21 cm.
500 _aAu121
504 _aBibliografía: p. 67-72
610 2 4 _aMercado de la Madrid (México)
_922924
650 1 4 _aPositivismo
_zMéxico
_922925
650 1 4 _aArquitectura
_xHistoria
_ySiglo XIX-XX
_zMéxico
_922926
651 4 _aColima (México)
_xEdificios, estructuras, etc.
_922927
902 _aGRL
942 _2lcc
_cB
999 _c8917
_d8917